Statistics for Top 10 Countries with the Most Hindus

Click here to take the quiz!

General Stats

  • This quiz has been taken 23,673 times
  • The average score is 9 of 10

Answer Stats

# Hindus Country % Correct
1,040 milIndia
100%
3.63 milPakistan
94%
23.5 milNepal
91%
13.6 milBangladesh
91%
2.23 milUnited States
88%
2.67 milSri Lanka
85%
10.0 milIndonesia
81%
0.832 milUnited Kingdom
81%
0.893 milMyanmar
77%
1.95 milMalaysia
70%

Score Distribution

Percentile by Number Answered

Percent of People with Each Score

Your Score History

You have not taken this quiz